000 00716nam a22001457a 4500
003 OSt
005 20160321091832.0
008 160321b xxu||||| |||| 00| 0 eng d
040 _cRUA
082 _aAGR LEN 2007 B470 Or.1
100 _98072
_aLENG PISETH; ឡេង ពិសិដ្ឋ
245 _aCassava processing of peam me treiy agricultire development cooperative in romeashek district, svay rieng province, ការកែច្នៃដំឡូងមីរបស់សហគមន៍អភិវឌ្ឍន៍កសិកម្មពាមមេត្រី ក្នុងស្រុករមាសហែក ខេត្តស្វាយរៀង
300 _ax,46p.
_bill.
_c29cm.
942 _2ddc
_cAGR
999 _c7673
_d7673